000 00712nam a2200205Ii 4500
003 JO-AjNU
008 230605s9999||||xx |||||||||||||| ||und||
040 _aJO-AjNU
_bara
_erda
_cJO-AjNU
041 _aara
050 1 4 _aBF441.J37.1999
100 3 _aجروان،فتحي عبد الرحمن,
_eauthor
_922452
245 0 0 _aتعليم التفكير:مفاهيم وتطبيقات
250 _aط1
264 3 1 _aالعين:دار الكتاب الجامعي ،1999
300 _a432ص
336 _atext
_btxt
_2rdacontent
337 _aunmediated
_bn
_2rdamedia
338 _avolume
_bnc
_2rdacarrier
650 4 _aالتفكير-طرق التعلم-الابداعية-علم النفس التربوي
_922453
999 _aA7972
_c11540
_d11540